000 00708nam a2200241Ia 4500
003 OSt
005 20220918174511.0
006 a|||||r|||| 00| 0
007 ta
008 220917b |||||||| |||| 00| 0 eng d
024 _a12,534
037 _cTextual
040 _aARTS
_cARTS
_beng
041 _2eng
_aeng
082 _aMY6:(Z646):N30-N34, 122G8 906
110 _aAfrique
_950718
245 0 _aAfrique Equatoriale Francaise, 1930 -1934, Revue international de legialstion pour la protection de lab nature
260 _c1938
650 _aINDUSTRIAL ARTS
700 _aAfrique
_950719
942 _hMY6:(Z646):N30-N34, 122G8 906
_cTEXL
_2CC
999 _c153419
_d153419